000 00351nam a2200145Ia 4500
008 230917s9999||||xx |||||||||||||| ||und||
040 _e188959
_aMAIN
041 _aEnglish
082 _aB N315N
100 _aNehru, Jawaharlal
245 0 _aNehru: An autobiography
260 _aBombay
_bAllied Publishers
_c1962
300 _a623 p.
942 _cBK
999 _c182372
_d182372